UBT Library

TEXTBOOL OF PEDIATRICS (Record no. 59115)

000 -LEADER
fixed length control field 00336nam a22001457a 4500
008 - FIXED-LENGTH DATA ELEMENTS--GENERAL INFORMATION
fixed length control field 221206b ||||| |||| 00| 0 eng d
020 ## - INTERNATIONAL STANDARD BOOK NUMBER
International Standard Book Number 978145575668
041 ## - LANGUAGE CODE
Language code of text/sound track or separate title eng
080 ## - UNIVERSAL DECIMAL CLASSIFICATION NUMBER
Edition identifier 20EDITION
Universal Decimal Classification number 616.053
082 ## - DEWEY DECIMAL CLASSIFICATION NUMBER
Classification number 616.053KLI
100 ## - Rafti
Rafti 14.2
101 ## - Shkurtesa
Shkurtesa PEDI
245 ## - TITLE STATEMENT
Title TEXTBOOL OF PEDIATRICS
Statement of responsibility, etc KLIGEMAN
942 ## - ADDED ENTRY ELEMENTS (KOHA)
Source of classification or shelving scheme
Item type Books
Holdings
Withdrawn status Lost status Source of classification or shelving scheme Damaged status Not for loan Collection code Permanent location Current location Date acquired Total Checkouts Full call number Barcode Date last seen Price effective from Koha item type
          Koleksioni i përgjithshem UBT - Lipjan UBT - Lipjan 12/06/2022   616.053KLI 002-800028700260993 12/06/2022 12/06/2022 Books
UBT Library © 2015-2024. All rights reserved University Education for Business and Technology